[Event "Fredericia Spring-A"]
[Site "Fredericia"]
[Date "2014.06.02"]
[Round "4"]
[White "Svane, Henrik"]
[Black "Hansen, Jens Christian"]
[Result "0-1"]
[WhiteElo "2091"]
[BlackElo "2021"]
[PlyCount "44"]
[EventDate "2014.05.05"]
[EventType "tourn"]
[EventRounds "5"]
[EventCountry "DEN"]
[SourceTitle "EXT 2018"]
[Source "ChessBase"]
[SourceDate "2017.10.13"]
[SourceVersion "1"]
[SourceVersionDate "2017.10.13"]
[SourceQuality "1"]

1. d4 Nf6 2. c4 g6 3. Nc3 Bg7 4. e4 d6 5. f4 0-0 6. Nf3 c5 7. d5 e6 8. dxe6 fxe6 9. Bd3 Nc6 10. 0-0 a6 11. Ng5 Nd4 12. e5 dxe5 13. fxe5 Nd7 14. Nxh7 Rxf1+ 15. Kxf1 Nxe5 16. Bxg6 Nxg6 17. Qh5 Qh4 18. Qxg6 Qxh7 19. Qe8+ Bf8 20. Kg1 b5 21. Qd8 Bb7 22. Qb6 b4 0-1

[Event "Fredericia-ch A"]
[Site "Fredericia"]
[Date "2013.09.09"]
[Round "3"]
[White "Hansen, Jens Christian"]
[Black "Bindzus, Ernst"]
[Result "1-0"]
[WhiteElo "2008"]
[BlackElo "1916"]
[PlyCount "59"]
[EventDate "2013.08.26"]
[EventType "tourn"]
[EventRounds "5"]
[EventCountry "DEN"]
[SourceTitle "EXT 2018"]
[Source "ChessBase"]
[SourceDate "2017.10.13"]
[SourceVersion "1"]
[SourceVersionDate "2017.10.13"]
[SourceQuality "1"]

1. e4 c5 2. Nf3 d6 3. d4 cxd4 4. Nxd4 Nf6 5. Nc3 a6 6. f3 e5 7. Nb3 Be6 8. Be3 Be7 9. Qd2 b5 10. 0-0-0 0-0 11. Kb1 Nbd7 12. g4 Nb6 13. g5 Nfd7 14. h4 Nc4 15. Bxc4 bxc4 16. Nc1 Nb6 17. N1e2 Rb8 18. Ka1 Qd7 19. f4 exf4 20. Nxf4 Qb7 21. Rb1 Rfe8 22. Qd4 Qc6 23. Rhg1 Bf8 24. h5 Nd7 25. h6 g6 26. Nfd5 Bxd5 27. Nxd5 Rb5 28. Rbd1 Ra5 29. a3 Rb8 30. Ne7+ 1-0

[Event "Fredericia Spring-A"]
[Site "Fredericia"]
[Date "2013.05.27"]
[Round "3"]
[White "Rasmussen, David"]
[Black "Hansen, Jens Christian"]
[Result "1/2-1/2"]
[WhiteElo "2036"]
[BlackElo "2001"]
[PlyCount "52"]
[EventDate "2013.04.29"]
[EventType "tourn"]
[EventRounds "5"]
[EventCountry "DEN"]
[SourceTitle "EXT 2018"]
[Source "ChessBase"]
[SourceDate "2017.10.13"]
[SourceVersion "1"]
[SourceVersionDate "2017.10.13"]
[SourceQuality "1"]

1. d4 Nf6 2. c4 g6 3. Nc3 Bg7 4. e4 d6 5. Nf3 0-0 6. Be2 e5 7. dxe5 dxe5 8. Qxd8 Rxd8 9. Bg5 Re8 10. Nd5 Nxd5 11. cxd5 c6 12. Bc4 b5 13. Bb3 c5 14. Nd2 Bb7 15. a4 a6 16. axb5 axb5 17. Rxa8 Bxa8 18. Ke2 c4 19. Bc2 Na6 20. Ra1 Nb4 21. Bb1 f6 22. Be3 Bf8 23. Ra5 Rb8 24. Ba7 Rb7 25. Be3 Rb8 26. Ba7 Rb7 1/2-1/2

[Event "Fredericia Foraar A"]
[Site "Fredericia"]
[Date "2012.05.14"]
[Round "3"]
[White "Lysdal, Knud"]
[Black "Hansen, Jens Christian"]
[Result "1/2-1/2"]
[WhiteElo "1983"]
[BlackElo "1968"]
[PlyCount "79"]
[EventDate "2012.04.30"]
[EventType "tourn"]
[EventRounds "5"]
[EventCountry "DEN"]
[SourceTitle "EXT 2023"]
[Source "ChessBase"]
[SourceDate "2022.10.05"]
[SourceVersion "1"]
[SourceVersionDate "2022.10.05"]
[SourceQuality "1"]

1. d4 Nf6 2. Nf3 g6 3. g3 Bg7 4. Bg2 d5 5. 0-0 0-0 6. c4 c6 7. Nc3 dxc4 8. Ne5 Ng4 9. Nxg4 Bxg4 10. Be3 Nd7 11. h3 Be6 12. Qd2 Nb6 13. Rfd1 Nd5 14. Bh6 Qc7 15. Ne4 f6 16. Nc5 Bf7 17. Rac1 Nb6 18. Bxg7 Kxg7 19. Qe3 Rad8 20. h4 Rfe8 21. f4 e5 22. dxe5 Rxd1+ 23. Rxd1 fxe5 24. f5 Nd5 25. Qf2 b6 26. Ne4 gxf5 27. Qxf5 Bg6 28. Qg4 h5 29. Qg5 Qe7 30. Rc1 Qxg5 31. Nxg5 b5 32. b3 Nb4 33. bxc4 Nxa2 34. Ra1 Nc3 35. Rxa7+ Kf6 36. Bxc6 Rb8 37. Ra6 Kg7 38. Ne6+ Kh8 39. cxb5 Nxb5 40. Bxb5 1/2-1/2

[Event "Lovsprings op 08th"]
[Site "Ringsted"]
[Date "1996.04.12"]
[Round "5"]
[White "Hansen, Jens Christian"]
[Black "Kronow, Jacob Nissen"]
[Result "0-1"]
[WhiteElo "1906"]
[BlackElo "1901"]
[PlyCount "68"]
[EventDate "1996.03.08"]
[EventType "swiss"]
[EventRounds "7"]
[EventCountry "DEN"]
[SourceTitle "EXT 2018"]
[Source "ChessBase"]
[SourceDate "2017.10.13"]
[SourceVersion "1"]
[SourceVersionDate "2017.10.13"]
[SourceQuality "1"]

1. e4 c5 2. Nf3 d6 3. d4 cxd4 4. Nxd4 Nf6 5. Nc3 g6 6. Bc4 Bg7 7. Be3 0-0 8. f3 Nc6 9. Qd2 Bd7 10. h4 h5 11. 0-0-0 Rc8 12. Bb3 Ne5 13. Bh6 Nc4 14. Bxc4 Rxc4 15. Bxg7 Kxg7 16. g4 hxg4 17. h5 Rh8 18. hxg6 fxg6 19. Nd5 e5 20. Nf5+ gxf5 21. Qg5+ Kf7 22. Nxf6 Qxf6 23. Qxf6+ Kxf6 24. Rxh8 gxf3 25. Rh6+ Kg5 26. Rhxd6 Bc6 27. exf5 Kxf5 28. b3 Rg4 29. Kd2 Rg2+ 30. Ke1 e4 31. R6d2 Rg5 32. Rd4 Kf4 33. Kf1 Kg3 34. Re1 Rh5 0-1